Loading...
| Fine Arts - Classical Music | 0 | 8 | 0 | 1 | 80 | 86 | 106.00 | 1 | 6 | 0.00 | 0.00 |
| Science - Other | 0 | 5 | 0 | 0 | 50 | 70 | 92.20 | 1 | 5 | 0.00 | 0.00 |
| Fine Arts - Other | 0 | 5 | 0 | 1 | 50 | 35 | 87.40 | 2 | 4 | 0.00 | 0.00 |
| Science - Physics | 0 | 4 | 0 | 0 | 40 | 99 | 115.25 | 1 | 3 | 0.00 | 0.00 |
| Fine Arts - Painting and Sculpture | 0 | 3 | 0 | 0 | 30 | 74 | 87.33 | 1 | 2 | 0.00 | 0.00 |
| Philosophy | 0 | 3 | 0 | 1 | 30 | 95 | 114.33 | 1 | 1 | 0.00 | 0.00 |
| History - American | 0 | 2 | 0 | 0 | 20 | 55 | 67.50 | 1 | 2 | 0.00 | 0.00 |
| History - European | 0 | 2 | 0 | 0 | 20 | 96 | 97.50 | 0 | 1 | 0.00 | 0.00 |
| Mythology | 0 | 2 | 0 | 0 | 20 | 91 | 94.50 | 0 | 1 | 0.00 | 0.00 |
| Science - Chemistry | 0 | 2 | 0 | 1 | 20 | 70 | 94.50 | 0 | 1 | 0.00 | 0.00 |
| Religion | 0 | 1 | 0 | 0 | 10 | 92 | 92.00 | 1 | 1 | 0.00 | 0.00 |
| History - Other | 0 | 1 | 0 | 0 | 10 | 60 | 60.00 | 1 | 1 | 0.00 | 0.00 |
| Geography | 0 | 1 | 0 | 0 | 10 | 138 | 138.00 | 0 | 0 | 0.00 | 0.00 |
| Pop Culture | 0 | 1 | 0 | 0 | 10 | 112 | 112.00 | 0 | 0 | 0.00 | 0.00 |
| Other Academic | 0 | 1 | 0 | 0 | 10 | 131 | 131.00 | 0 | 0 | 0.00 | 0.00 |
| History - World | 0 | 1 | 1 | 0 | 5 | 96 | 96.00 | 0 | 1 | 0.00 | 0.00 |
| Literature - American | 0 | 0 | 1 | 0 | -5 | 0.00 | 0 | 0 | 0.00 | 0.00 |